00331nam a2200133Ia 4500008004100000020001500041041001200056082001100068100001800079245003800097260003800135300000800173650001600181221030s9999 xx 000 0 und d a8131507483 aEnglish a105.23 aM. T. Simpson 0aEthical Hacking & Network Defence bCengage LearningaNew Delhic2009 a357 aBE Computer